000 00769nam a2200229Ia 4500
001 8759
003 GE_BSU
008 181216s||||||||xx |||||||||||||| ||und||
040 _cGE_BSU
080 _a82-93
100 _aიაკაშვილი, ვლადიმერ
245 _aბახტრიონელი მელექსე
245 _bმოთხრობები
245 _cრედ. რ.ჯაფარიძე, მხატვ. თ.სამსონაძე
260 _aთბილისი.
260 _bნაკადული.
260 _c1960
300 _a150გვ. ილ, 21სმ.
653 _aბახტრიონელი მელექსე
653 _aმოთხრობები
942 _cBK
999 _c42069
_d42069